00477cam a22001337a 4500008004000000082001800040100002600058245007600084260003000160300001000190650003500200999001900235952008900254180718b1980 xxu||||| |||| 00| 0 eng d aB73x5444 L149 aLakshminarayana, H.D. aDemocracy in rural India: problems and processcby H.D. Lakshminarayana aNew DelhibNationalc1980 a128p. aVillage panchayats - Karnataka c347219d347219 00104070aIIPAbIIPAd1993-10-14oB73x5444 L149p55956r2018-07-21w2018-07-21yBK